Základní
MARC
Záznam Personal Name
Počet záznamů používajících tuto autoritu: 1
001 - CONTROL NUMBER
- control field: 20750
003 - CONTROL NUMBER IDENTIFIER
- control field: ABG508
005 - DATE AND TIME OF LATEST TRANSACTION
- control field: 20260512163623.0
008 - FIXED-LENGTH DATA ELEMENTS
- fixed length control field: 260512|| aca||aabn | a|a d
040 ## - CATALOGING SOURCE
- Original cataloging agency: ABG508
- Transcribing agency: ABG508
100 ## - HEADING--PERSONAL NAME
- Personal name: Vhrsti,
- Dates associated with a name: 1975-
670 ## - SOURCE DATA FOUND
- Source citation: Work cat.: (ABG508)34272: Vhrsti, 1975- ill, Svět dopravy :